[Event "Wch U18 Girls"]
[Site "Al Ain"]
[Date "2013.12.22"]
[Round "6"]
[White "Castrillon Gomez, Melissa"]
[Black "Nevioselaya, Maria"]
[Result "1-0"]
[WhiteElo "2155"]
[BlackElo "2088"]
[PlyCount "71"]
[EventDate "2013.12.18"]
[EventType "swiss"]
[EventRounds "11"]
[EventCountry "UAE"]
[SourceTitle "CBM 158 Extra"]
[Source "ChessBase"]
[SourceDate "2014.02.28"]
[SourceVersion "1"]
[SourceVersionDate "2014.02.28"]
[SourceQuality "1"]

1. e4 e5 2. Nf3 Nc6 3. Bb5 a6 4. Ba4 Nf6 5. 0-0 Be7 6. Bxc6 dxc6 7. d3 Qd6 8. Nbd2 Be6 9. b3 Nd7 10. a4 f6 11. Nh4 g6 12. Kh1 0-0-0 13. Qe2 f5 14. Nhf3 f4 15. b4 Bf6 16. Ba3 g5 17. Ng1 g4 18. Nc4 Bxc4 19. dxc4 Qe6 20. c5 Be7 21. b5 axb5 22. axb5 f3 23. gxf3 gxf3 24. Nxf3 cxb5 25. Qxb5 Qg4 26. Qe2 Rdf8 27. c6 Qxf3+ 28. Qxf3 Rxf3 29. Bxe7 Nb6 30. Bc5 Kb8 31. Ra2 bxc6 32. Rfa1 Rc8 33. Be3 Rf6 34. c4 Rcf8 35. c5 Nc8 36. Rb1+ 1-0

[Event "Wch U18 Girls"]
[Site "Al Ain"]
[Date "2013.12.21"]
[Round "5"]
[White "Nevioselaya, Maria"]
[Black "Baraeva, Irina"]
[Result "1-0"]
[WhiteElo "2088"]
[BlackElo "2211"]
[PlyCount "65"]
[EventDate "2013.12.18"]
[EventType "swiss"]
[EventRounds "11"]
[EventCountry "UAE"]
[SourceTitle "CBM 158 Extra"]
[Source "ChessBase"]
[SourceDate "2014.02.28"]
[SourceVersion "1"]
[SourceVersionDate "2014.02.28"]
[SourceQuality "1"]

1. e4 e6 2. d4 d5 3. Nc3 Nf6 4. e5 Nfd7 5. Nf3 c5 6. dxc5 Nc6 7. Bf4 Be7 8. Bd3 g5 9. Bg3 h5 10. h3 Nxc5 11. Be2 Qb6 12. 0-0 Bd7 13. Qd2 Ne4 14. Nxe4 dxe4 15. Ne1 Qxb2 16. Rd1 0-0-0 17. Qe3 Qxa2 18. Qxe4 h4 19. Bh2 Nb4 20. Bc4 Qa4 21. Bb3 Bc6 22. Rxd8+ Bxd8 23. Qe3 Qa5 24. Nf3 Rg8 25. Nd4 g4 26. Nxc6 Nxc6 27. hxg4 Rxg4 28. Qf3 Rg7 29. Rd1 Nd4 30. Qd3 Bb6 31. c3 Qxc3 32. Qxc3+ Kb8 33. Rxd4 1-0

[Event "EU-chT (Women) 19th"]
[Site "Warsaw"]
[Date "2013.11.17"]
[Round "9.44"]
[White "Nevioselaya, Maria"]
[Black "Borsuk, Angela"]
[Result "1/2-1/2"]
[WhiteElo "2074"]
[BlackElo "2186"]
[PlyCount "86"]
[EventDate "2013.11.08"]
[EventType "team-swiss"]
[EventRounds "9"]
[EventCountry "POL"]
[SourceTitle "EXT 2014"]
[Source "ChessBase"]
[SourceDate "2013.11.20"]
[SourceVersion "1"]
[SourceVersionDate "2013.11.20"]
[SourceQuality "1"]
[WhiteTeam "Belarus (W)"]
[BlackTeam "Israel (W)"]
[WhiteTeamCountry "BLR"]
[BlackTeamCountry "ISR"]

1. e4 d5 2. exd5 Qxd5 3. Nc3 Qd6 4. d4 Nf6 5. Nf3 a6 6. Be2 e6 7. 0-0 Be7 8. Ne5 c5 9. Nc4 Qc6 10. Bf3 Qc7 11. d5 exd5 12. Nxd5 Nxd5 13. Bxd5 0-0 14. Qf3 Be6 15. Bxb7 Bxc4 16. Bxa8 Bxf1 17. Kxf1 Qxh2 18. g3 Bf6 19. Bf4 Qh3+ 20. Kg1 Qe6 21. Bd5 Qb6 22. Re1 Nd7 23. Qg4 Qd8 24. Bd6 h5 25. Qxh5 Ne5 26. Bxe5 Qxd5 27. c4 Qxc4 28. Bxf6 gxf6 29. b3 Qd4 30. Rc1 Rd8 31. Qxc5 Qg4 32. Qc2 Kg7 33. Re1 Rh8 34. Qe4 Qh3 35. b4 Qh2+ 36. Kf1 Qh3+ 37. Qg2 Qd7 38. Kg1 Qd2 39. Qe4 Rh5 40. Qe2 Qd5 41. Qg4+ Rg5 42. Qe4 Qxa2 43. Kg2 Qd5 1/2-1/2

[Event "EU-ch U18 Girls 23rd"]
[Site "Budva"]
[Date "2013.10.03"]
[Round "5"]
[White "Nevioselaya, Maria"]
[Black "Wisniowska, Klaudia"]
[Result "1/2-1/2"]
[WhiteElo "2065"]
[BlackElo "2145"]
[PlyCount "82"]
[EventDate "2013.09.29"]
[EventType "swiss"]
[EventRounds "9"]
[EventCountry "MNE"]
[SourceTitle "CBM 156 Extra"]
[Source "ChessBase"]
[SourceDate "2013.10.22"]
[SourceVersion "1"]
[SourceVersionDate "2013.10.22"]
[SourceQuality "1"]

1. e4 c5 2. Ne2 g6 3. g3 Bg7 4. Bg2 e5 5. d3 Nc6 6. Be3 d6 7. c3 Nge7 8. Qd2 Be6 9. 0-0 0-0 10. d4 cxd4 11. cxd4 d5 12. Rd1 dxe4 13. Bxe4 exd4 14. Nxd4 Nxd4 15. Bxd4 Qxd4 16. Qxd4 Bxd4 17. Rxd4 Rad8 18. Rxd8 Rxd8 19. Nc3 Rd2 20. b3 Nd5 21. Nxd5 Bxd5 22. Bxd5 Rxd5 23. Rc1 Rd2 24. Rc7 Rxa2 25. Rxb7 a5 26. Kg2 a4 27. bxa4 Rxa4 28. h4 h5 29. Kf3 Kg7 30. Rc7 Kf6 31. Rb7 Ra3+ 32. Kg2 Ra2 33. Kf3 Ra3+ 34. Kg2 Ra2 35. Kf3 Ra3+ 36. Kg2 Ra2 37. Kf3 Ra3+ 38. Kg2 Ra2 39. Kf3 Ra3+ 40. Kg2 Ra2 41. Kf3 Ke5 1/2-1/2

[Event "BLR-ch (Women)"]
[Site "Minsk"]
[Date "2013.01.17"]
[Round "8"]
[White "Kusenkova, Natallia"]
[Black "Nevioselaya, Maria"]
[Result "0-1"]
[WhiteElo "2019"]
[BlackElo "2065"]
[PlyCount "56"]
[EventDate "2013.01.10"]
[EventType "tourn"]
[EventRounds "9"]
[EventCountry "BLR"]
[SourceTitle "CBM 152 Extra"]
[Source "ChessBase"]
[SourceDate "2013.02.25"]
[SourceVersion "1"]
[SourceVersionDate "2013.02.25"]
[SourceQuality "1"]

1. Nf3 Nf6 2. g3 d5 3. Bg2 c6 4. 0-0 Bg4 5. d3 Nbd7 6. Nbd2 e5 7. e4 dxe4 8. dxe4 Be7 9. h3 Bxf3 10. Qxf3 0-0 11. a4 a5 12. Nc4 Qc7 13. Bd2 Nc5 14. Bc3 Nfd7 15. Qg4 Ne6 16. Rfd1 Bb4 17. Bxb4 axb4 18. Nd6 g6 19. h4 h5 20. Qh3 Nd4 21. Nc4 Nc5 22. f4 Nxa4 23. Nxe5 Nxb2 24. Rxa8 Nxd1 25. Rxf8+ Kxf8 26. g4 Ne2+ 27. Kf1 Nxf4 28. Qf3 Qxe5 0-1